Postavenie značky z pohľadu spotrebiteľa a možnosti jej rozvoja

Postavenie konkrétnej značky z pohľadu slovenských spotrebiteľov a možnosti na jej posilnenie. Podstata a význam značky, hodnota značky, branding a vplyv značky na spotrebiteľa.

Uložené v:
Podrobná bibliografia
Hlavný autor: Nadányiová, Margaréta
Médium: Kapitola
Jazyk:Slovak
Predmet:
Tagy: Pridať tag
Žiadne tagy, Buďte prvý, kto otaguje tento záznam!

MARC

LEADER 00000nla a2200000 4500
001 0230257
005 20240417075117.0
041 0 |a slo 
044 |a SK 
245 1 0 |a Postavenie značky z pohľadu spotrebiteľa a možnosti jej rozvoja  |c Margaréta Nadányiová 
520 |a Postavenie konkrétnej značky z pohľadu slovenských spotrebiteľov a možnosti na jej posilnenie. Podstata a význam značky, hodnota značky, branding a vplyv značky na spotrebiteľa. 
610 2 0 |a značky 
610 2 0 |a pojmy 
610 2 0 |a hodnota 
610 2 0 |a spotrebitelia 
100 1 |a Nadányiová, Margaréta